00406nam a22000977a 4500008004100000082001700041245017600058260005700234300000900291440000800300230605b xxu||||| |||| 00| 0 eng d a328.365bKNA aReport of the Select Committee Investigating Circumstances Leadingto the Death of the Late Dr. The Hon. Robert John Ouko, EGH,MPbNinth Parliament Fourth Session (Minutes) aNairobi, KenyabKenya National AssemblycMarch, 2005 a521p vIII